00202nam a2200085 a 450000500170000000800410001705000170005810000180007524500230009320140414132026.0110315s19uu xx 00 eng d aTRbH81 1997 aHalsey, Megan aHound around town.